00265nam a22001217a 4500003000400000020001800004082001800022100001700040245003700057250000800094260003300102300000800135SGT a9783659367045 a617.645bA13S aSingh, Rajat aAppliance in Pediatric Dentistry a1st bLambert Academic Pub. c2013 a183